00535ncm a2200157 a 4500020002000000082002700020245010200047260004200149300001800191526003700209650003600246650000900282650002300291700002300314710004000337 a9698156119 (hb) a954.91bZAIcN-1, P-991 aQuaid-i-Azam Mohammad Ali Jinnah Papers :bPakistan: struggling for survival 1 Jan.,30 Sep.,1948. aIslamabad:bCulture Division ,c2002. a835p. : Vol.7 a0b0c0d954_910000000000000_ZAI aJinnah, Muhammad Ali,1876-1948. aNUST aPakistan Movement. aZaidi, Z. M. (ed.) aQuaid-i-Azam Papers Wing, Islamabad